Statistics for JR四国の駅乗降客数ランキングTOP30

Click here to take the quiz!

General Stats

  • This quiz has been taken 679 times
  • The average score is 19 of 30

Answer Stats

都道府県乗降客数駅名% Correct
1香川県18946高松
100%
3愛媛県9758松山
100%
2徳島県11334徳島
100%
5高知県7906高知
99%
4香川県8408坂出
91%
6香川県6368丸亀
90%
8愛媛県3510今治
89%
10香川県3264多度津
88%
7香川県3756宇多津
87%
19香川県1720琴平
84%
21愛媛県1638宇和島
77%
11愛媛県3056新居浜
75%
13香川県2494観音寺
75%
12愛媛県2572伊予西条
74%
9高知県3412後免
68%
14香川県2304善通寺
65%
18香川県1788栗林
63%
16徳島県2162阿南
59%
25愛媛県1454伊予三島
55%
22香川県1598志度
52%
24高知県1520土佐山田
50%
20愛媛県1718伊予北条
49%
26徳島県1446佐古
46%
30徳島県1390南小松島
42%
15香川県2260端岡
33%
17徳島県1956勝瑞
32%
23高知県1580朝倉
26%
27徳島県1428石井
21%
28徳島県1416鴨島
20%
29徳島県1404羽ノ浦
10%

Score Distribution

Percentile by Number Answered

Percent of People with Each Score

Your Score History

You have not taken this quiz